[Event "Tourn. n10134"]
[Site "www.echecsemail.com"]
[Date "2019.08.14"]
[Round "1"]
[White "Szustan"]
[Black "D4minance"]
[WhiteElo "2590"]
[BlackElo "2710"]
[Result "1/2-1/2"]
[Round "1"]
1.e4 c5
2.c3 d5
3.exd5 Qd8xd5
4.d4 g6
5.Ng1f3 Bf8g7
6.Bc1e3 cxd4
7.cxd4 Qd5a5
8.Nb1c3 Ng8h6
9.Bf1d3 Nh6f5
10.Be3d2 Bc8e6
11.O-O O-O
12.Bd3e4 Nf5d6
13.d5 Be6f5
14.Be4xf5 Nd6xf5
15.Rf1e1 Rf8e8
16.Ra1c1 Nb8d7
17.a3 Ra8d8
18.Qd1e2 Nd7b6
19.Nc3b5 Qa5a4
20.Nb5c7 Re8f8
21.Bd2c3 Bg7xc3
22.Rc1xc3 Nb6xd5
23.Nc7xd5 Rd8xd5
24.Rc3c7 b5
25.h3 e6
26.Nf3e5 Qa4d4
27.b4 a6
28.Qe2e4 Qd4xe4
29.Re1xe4 Nf5d6
30.Re4e1 Rf8c8
31.Rc7a7 Kg7
32.Ra7xa6 g5
33.Ne5g4 h5
34.Ng4e3 Rd5d2
35.Re1d1 Rd2xd1
36.Ne3xd1 Nd6e4
37.Kf1 Rc8c2
38.Ke1 g4
39.hxg4 hxg4
40.g3 Kg6
41.Ra6b6 Rc2c1
42.Ke2 Rc1a1
43.Rb6a6 Ra1a2
44.Ke1 Kg5
45.Ra6a5 f5
46.Ra5xb5 Ra2xa3
47.Rb5b8 Kf6
48.b5 Ra3b3
49.b6 Ne4c5
50.Nd1e3 Ke7
51.Rb8c8 Nc5d3
52.Ke2 Nd3e5
53.Rc8c7 Kd6
54.Ne3c4 Ne5xc4
55.Rc7xc4 Rb3xb6
56.Rc4a4 Rb6b2
{ draw }
1/2-1/2

[Event "Tourn. n10179"]
[Site "www.echecsemail.com"]
[Date "2019.08.14"]
[Round "1"]
[White "Lakeknight"]
[Black "Conde7"]
[WhiteElo "2339"]
[BlackElo "2870"]
[Result "0-1"]
[Round "1"]
1.f4 Ng8f6
2.Ng1f3 c5
3.g3 b6
4.Bf1g2 Bc8b7
5.c4 e6
6.d3 d5
7.O-O Nb8c6
8.cxd5 Nf6xd5
9.Nb1c3 Bf8e7
10.a3 O-O
11.Bc1d2 Nd5f6
12.Ra1b1 Qd8c7
13.Rb1c1 Rf8d8
14.Qd1c2 Ra8c8
15.Qc2a4 a6
16.Nf3g5 b5
17.Qa4d1 c4
18.dxc4 Nc6a5
19.Qd1c2 Na5xc4
20.Nc3e4 Nf6xe4
{ resign }
0-1

[Event "Tourn. n10174"]
[Site "www.echecsemail.com"]
[Date "2019.08.14"]
[Round "1"]
[White "Tartan"]
[Black "Fantomas"]
[WhiteElo "2490"]
[BlackElo "2180"]
[Result "1-0"]
[Round "1"]
1.e4 c6
2.d4 d5
3.Nb1c3 e6
4.e5 c5
5.Ng1f3 Nb8c6
6.dxc5 Bf8xc5
7.Bf1d3 a6
8.a3 Bc8d7
9.O-O h6
10.b4 Bc5a7
11.Bc1b2 Ng8e7
12.Nc3e2 Qd8c7
13.Ne2f4 g6
14.Qd1e2 Qc7c8
15.c4 dxc4
16.Bd3xc4 b5
17.Bc4d3 Qc8b7
18.Bd3e4 Ra8c8
19.Nf4d3 Nc6d8
20.Be4xb7 { resign }
1-0

[Event "Tourn. n10107"]
[Site "www.echecsemail.com"]
[Date "2019.08.14"]
[Round "1"]
[White "Passaroa25"]
[Black "Cal"]
[WhiteElo "1700"]
[BlackElo "1720"]
[Result "0-1"]
[Round "1"]
1.Nb1c3 d5
2.Ng1f3 Ng8f6
3.d4 h6
4.Nf3e5 e6
5.f3 Bf8b4
6.Bc1d2 a6
7.e3 O-O
8.Bf1e2 Qd8e7
9.O-O Qe7d6
10.a3 Bb4xc3
11.Bd2xc3 Nb8c6
12.Ra1b1 Nc6xe5
13.dxe5 Qd6e7
14.exf6 gxf6
15.f4 c5
16.Be2h5 e5
17.g3 d4
18.Bc3d2 Bc8f5
19.Rb1c1 exf4
20.exf4 Bf5e4
21.Bh5f3 f5
22.Rf1f2 Qe7f6
23.b4 c4
24.Bf3e2 Kh7
25.Be2xc4 Qf6g6
26.c3 h5
27.cxd4 h4
28.Kf1 h3
29.Bd2e3 Be4g2
30.Kg1 Rf8e8
31.Qd1d2 Re8e7
32.Rf2xg2 hxg2
33.Qd2xg2 Re7xe3
34.a4 Ra8e8
35.Bc4f1 Qg6d6
36.Rc1c4 Re3e1
37.h4 Re8e3
38.Rc4c2 Re1d1
39.Kh2 Re3e1
40.Qg2xb7 Qd6e6
41.Bf1g2 Rd1d3
42.Rc2c7 Kg7
43.Rc7c6 Qe6a2
44.Rc6c7 Rd3xd4
45.Rc7xf7 Qa2xf7
46.Qb7xa6 Rd4xb4
47.Qa6d6 Rb4xa4
48.Kh3 Re1e6
49.Qd6d5 Kg6
50.Bg2f3 Ra4a3
51.h5 Kh6
52.Kh4 Qf7e8
53.Qd5xf5 Ra3xf3
54.Qf5g5 Kh7
55.Kg4 Re6e3
56.Qg5f5 Kh8
57.Qf5f6 Kh7
58.Qf6g6 Qe8xg6
59.hxg6 Kxg6
60.Kh3 Rf3xg3
61.Kh2 Rg3g4
62.f5 Kxf5
{ resign }
0-1

[Event "1/64 Finale"]
[Site "www.chess-mail.com"]
[Date "2019.08.14"]
[Round "1"]
[White "Paulsyd"]
[Black "Hennie4820"]
[WhiteElo "2720"]
[BlackElo "2060"]
[Result "0-1"]
[Round "1"]
1.e4 c5
2.Ng1f3 e6
3.d4 cxd4
4.Nf3xd4 Ng8f6
5.Nb1c3 d6
6.g4 h6
7.h4 Nb8c6
8.Rh1g1 a6
9.Bc1e3 Bf8e7
10.g5 hxg5
11.hxg5 Nf6d7
12.g6 Nc6xd4
13.gxf7 Kxf7
14.Qd1xd4 Nd7f6
15.O-O-O e5
 { time }
0-1

[Event "1/64 Finale"]
[Site "www.chess-mail.com"]
[Date "2019.08.14"]
[Round "1"]
[White "Szustan"]
[Black "Ern007"]
[WhiteElo "2630"]
[BlackElo "1819"]
[Result "1-0"]
[Round "1"]
1.e4 c5
2.c3 d5
3.e5 Bc8f5
4.d4 Nb8c6
5.Ng1f3 e6
6.Bf1b5 Ra8c8
7.O-O a6
8.Bb5xc6 Rc8xc6
9.Nb1d2 c4
10.Rf1e1 Bf5g6
11.Nd2f1 Ng8e7
12.Nf1g3 Ne7f5
13.Ng3e2 h6
14.b3 Bf8e7
15.b4 Bg6h7
16.a4  { time }
1-0

[Event "Fast Game"]
[Site "www.echecsemail.com"]
[Date "2019.08.14"]
[Round "1"]
[White "Rcdamaceanu"]
[Black "Hennie4820"]
[WhiteElo "1599"]
[BlackElo "1560"]
[Result "1-0"]
[Round "1"]
1.d4 Ng8f6
2.Ng1f3 g6
3.c4 Bf8g7
4.Nb1c3 O-O
5.e4 d6
6.Bf1e2 e5
7.d5 c6
8.O-O cxd5
9.cxd5 b6
10.h3 Bc8a6
11.a4 Ba6xe2
12.Qd1xe2 Nb8d7
13.Nf3d2 Nd7c5
14.Rf1d1 Ra8c8
15.Qe2e3 Nf6h5
16.Nc3b5 a6
17.Nb5a7 Rc8c7
18.Na7c6 Rc7b7
19.Nc6xd8 { resign }
1-0

[Event "Tourn. n10135"]
[Site "www.echecsemail.com"]
[Date "2019.08.15"]
[Round "1"]
[White "Jackbauer"]
[Black "Passaroa25"]
[WhiteElo "1920"]
[BlackElo "1740"]
[Result "1-0"]
[Round "1"]
1.e4 Nb8c6
2.f4 b6
3.Ng1f3 g6
4.Nb1c3 Bc8b7
5.d4 Bf8g7
6.Bf1c4 e6
7.Bc1e3 Ng8e7
8.O-O Nc6a5
9.Bc4d3 O-O
10.Be3d2 h5
11.Nc3e2 Ra8b8
12.Bd2xa5 bxa5
13.c3 c6
14.g3 Qd8b6
15.Qd1d2 f6
16.b3 Qb6c7
17.Bd3c4 Kf7
18.a4 Qc7b6
19.Kg2 Ke8
20.Qd2c2 Ne7g8
21.Ra1e1 Ng8h6
22.h3 Kd8
23.Nf3h4 g5
24.Nh4f3 g4
25.Nf3g1 f5
26.e5 Rf8f7
27.Re1b1 Rf7e7
28.b4 d5
29.Bc4a2 Qb6a6
30.c4 gxh3
31.Kxh3 Nh6g4
32.Qc2d3 Ng4h2
33.Kxh2 Bb7a8
34.b5 cxb5
35.cxb5 Qa6b6
36.Rb1c1 Ba8b7
37.Ng1f3 Kd7
38.Kg2 Qb6d8
39.Nf3h4 Qd8e8
40.b6 axb6
41.Qd3b5 Kd8
42.Qb5xb6 { resign }
1-0

[Event "Tourn. n10116"]
[Site "www.echecsemail.com"]
[Date "2019.08.15"]
[Round "1"]
[White "Estonia"]
[Black "Ditto"]
[WhiteElo "1960"]
[BlackElo "1810"]
[Result "0-1"]
[Round "1"]
1.d4 d5
2.Ng1f3 Nb8c6
3.Bc1f4 Bc8f5
4.c3 e6
5.Nb1d2 Qd8f6
6.Bf4xc7 Ng8e7
7.Bc7e5 Nc6xe5
8.Nf3xe5 Ne7c6
9.Nd2f3 Bf8d6
10.e3 Nc6xe5
11.Bf1b5 Ne5c6
12.O-O Bf5g4
13.Bb5e2 Qf6h6
14.h3 Bg4f5
15.Qd1a4 Bf5e4
16.c4 O-O
17.c5 Bd6c7
18.b4 a6
19.Nf3d2 Be4f5
20.f4 Qh6g6
21.Kh2 Ra8b8
22.b5 axb5
23.Qa4xb5 Bc7d8
24.Nd2f3 Bf5e4
25.a4 Be4xf3
26.Rf1xf3 Bd8a5
27.Rf3g3 Qg6f5
28.Be2d3 Qf5f6
29.Ra1b1 Rf8c8
30.Qb5b2 Nc6b4
31.Bd3b5 Qf6f5
32.Rb1f1 Nb4c6
33.Qb2e2 Nc6e7
34.Bb5d3 Qf5f6
35.Qe2h5 Ne7f5
36.Bd3xf5 exf5
37.Qh5g5 Qf6xg5
38.Rg3xg5 g6
39.h4 Ba5d2
40.Rg5g3 Rb8a8
41.Rf1d1 Bd2a5
42.h5 Kf8
43.h6 Ra8a6
44.Rg3f3 Ba5d8
45.Rd1b1 Rc8b8
46.Rb1b4 Bd8a5
47.Rb4b1 Ra6c6
48.Rb1b5 Rc6a6
49.Rf3f1 Ba5d2
50.Rf1d1 Bd2xe3
51.a5 Be3xf4
52.g3 Bf4xh6
53.Rd1e1 Bh6d2
54.Re1e5 Bd2g5
55.Re5xd5 Bg5f6
56.Rd5d7 Ke8
57.Rd7d6 Ra6xd6
58.cxd6 Bf6xd4
59.a6 b6
60.Rb5d5 Bd4c5
61.Rd5e5 Kd7
62.Re5e7 Kxd6
63.Re7xf7 h5
64.Rf7f6 Ke5
65.Rf6xg6 Rb8a8
66.Rg6h6 Ra8xa6
67.Rh6xh5 Ra6a2
68.Kh3 Bc5g1
69.g4 Ra2h2
70.Kg3 Rh2xh5
71.gxh5 Bg1d4
72.h6 Ke4
73.h7 b5
{ resign }
0-1

[Event "Tourn. n10147"]
[Site "www.echecsemail.com"]
[Date "2019.08.15"]
[Round "1"]
[White "Coolant"]
[Black "Fegatux"]
[WhiteElo "2380"]
[BlackElo "2300"]
[Result "1-0"]
[Round "1"]
1.e4 c5
2.d4 cxd4
3.Ng1f3 d6
4.Qd1xd4 Nb8c6
5.Bf1b5 Bc8d7
6.Bb5xc6 Bd7xc6
7.O-O Ng8f6
8.Rf1e1 e5
9.Qd4d3 Qd8c7
10.c4 Bf8e7
11.Nb1c3 O-O
12.Bc1g5 Ra8d8
13.Bg5xf6 Be7xf6
14.Ra1c1 g6
15.Nc3d5 Bc6xd5
16.Qd3xd5 Qc7b6
17.Re1e2 Kg7
18.h4 h6
19.g3 Rd8c8
20.Re2d2 Rf8d8
21.b3 Bf6e7
22.Rc1d1 a5
23.Kg2 Rc8c5
24.Qd5d3 Qb6c7
25.Nf3e1 Qc7c8
26.Ne1c2 a4
27.Nc2e3 axb3
28.axb3 Qc8e6
29.Ne3d5 Be7f8
30.Rd2a2 f5
31.Ra2a7 Rd8d7
32.Rd1a1 f4
33.gxf4 exf4
34.Nd5xf4 Qe6g4
35.Qd3g3 Qg4xg3
36.fxg3 Rc5e5
37.Ra1e1 g5
38.hxg5 hxg5
39.Nf4d5 Kg6
40.Kf3 g4
41.Kxg4 Re5g5
42.Kf3 Bf8g7
43.Nd5f4 Kf7
44.Re1d1 Bg7e5
45.Rd1h1 Rg5g7
46.Rh1h5  { time }
1-0

[Event "Match"]
[Site "www.echecsemail.com"]
[Date "2019.08.15"]
[Round "1"]
[White "Liencam2"]
[Black "Mdesouza"]
[WhiteElo "2230"]
[BlackElo "2160"]
[Result "1-0"]
[Round "1"]
1.e4 d6
2.d4 e5
3.Ng1f3 Ng8f6
4.Nb1c3 Nb8d7
5.Bf1c4 c6
6.dxe5 dxe5
7.Nf3g5 Bf8b4
8.Ng5xf7 Qd8a5
9.Bc1d2 Rh8f8
10.a3 Bb4xc3
11.Bd2xc3 Qa5c5
12.Bc3b4 Qc5xb4
13.axb4 Rf8xf7
14.Bc4xf7 Kxf7
15.f3 { resign }
1-0

[Event "Tourn. n10154"]
[Site "www.echecsemail.com"]
[Date "2019.08.15"]
[Round "1"]
[White "Fegatux"]
[Black "Jerome"]
[WhiteElo "2330"]
[BlackElo "2269"]
[Result "0-1"]
[Round "1"]
1.e4 c5
2.Ng1f3 e6
3.d4 cxd4
4.Nf3xd4 Ng8f6
5.Nb1c3 d6
6.Bf1e2 a6
7.O-O Bf8e7
8.f3 b5
9.a3 Nb8d7
10.Kh1 Bc8b7
11.Bc1e3 Ra8c8
12.Qd1d2 O-O
13.a4 b4
14.Nc3d1 d5
15.Nd1f2 dxe4
16.fxe4 a5
17.Be2f3 Nd7e5
18.Qd2e2 Be7c5
19.Rf1d1 Qd8b6
 { time }
0-1

[Event "Tourn. n10150"]
[Site "www.echecsemail.com"]
[Date "2019.08.15"]
[Round "1"]
[White "Jaroslavpech"]
[Black "Szustan"]
[WhiteElo "2680"]
[BlackElo "2620"]
[Result "1/2-1/2"]
[Round "1"]
1.e4 e5
2.Ng1f3 Nb8c6
3.Bf1b5 a6
4.Bb5a4 Ng8f6
5.O-O Nf6xe4
6.d4 b5
7.Ba4b3 d5
8.dxe5 Bc8e6
9.Nb1d2 Ne4c5
10.c3 Nc5xb3
11.Nd2xb3 Bf8e7
12.Nf3d4 Nc6xd4
13.cxd4 a5
14.Qd1c2 Qd8d7
15.Bc1e3 Be6f5
16.Qc2c1 a4
17.Nb3c5 Qd7c6
18.Qc1d2 Qc6g6
19.Ra1c1 O-O
20.Rf1e1 h5
21.Qd2e2 h4
22.Re1d1 h3
23.g3 Be7xc5
{ draw }
1/2-1/2

[Event "Tourn. n10175"]
[Site "www.echecsemail.com"]
[Date "2019.08.15"]
[Round "1"]
[White "Fabos12"]
[Black "Pariolinius"]
[WhiteElo "1790"]
[BlackElo "1870"]
[Result "0-1"]
[Round "1"]
1.d4 Ng8f6
2.Ng1f3 g6
3.g3 d6
4.Bf1g2 Bf8g7
5.c3 O-O
6.Nb1d2 Nb8d7
7.e4 e5
8.d5 b6
9.O-O Bc8a6
10.Rf1e1 Nd7c5
11.c4 Nc5d3
12.Re1e2 Nf6g4
13.h3 { time. }
0-1

[Event "Tourn. n10175"]
[Site "www.echecsemail.com"]
[Date "2019.08.15"]
[Round "1"]
[White "Cal"]
[Black "Fabos12"]
[WhiteElo "1640"]
[BlackElo "1790"]
[Result "1-0"]
[Round "1"]
1.Ng1f3 Nb8c6
2.d4 e6
3.a3 b6
4.e4 Bc8b7
5.Nb1c3 Ng8e7
6.Bc1f4 Ra8c8
7.h3 h6
8.Bf1b5 g5
9.Bf4e3 a6
10.Bb5xc6 Ne7xc6
11.O-O Bf8g7
{ time. }
1-0

[Event "Tourn. n10175"]
[Site "www.echecsemail.com"]
[Date "2019.08.15"]
[Round "1"]
[White "Passaroa25"]
[Black "Fabos12"]
[WhiteElo "1780"]
[BlackElo "1790"]
[Result "1-0"]
[Round "1"]
1.Ng1f3 Nb8c6
2.c3 e5
3.e4 Bf8c5
4.Bf1e2 f6
5.b4 Bc5b6
6.O-O Ng8e7
7.d3 d5
8.Nb1d2 d4
9.Bc1b2 a6
10.Ra1b1 Bc8e6
{ time. }
1-0

[Event "Match"]
[Site "www.echecsemail.com"]
[Date "2019.08.15"]
[Round "1"]
[White "Tbsundar"]
[Black "Jesmantiz"]
[WhiteElo "2170"]
[BlackElo "2180"]
[Result "1-0"]
[Round "1"]
1.d4 f5
2.Nb1c3 d6
3.f3 g6
4.e4 Bf8g7
5.Bc1e3 c6
6.Bf1d3 e6
7.Ng1e2 Ng8e7
8.O-O O-O
9.Qd1d2 Qd8e8
10.Be3h6 Qe8f7
11.Bh6xg7 Qf7xg7
12.Bd3c4 Kh8
13.Ne2f4 e5
14.dxe5 Qg7xe5
15.Ra1d1 fxe4
16.fxe4 g5
17.Nf4h5 Rf8xf1
18.Rd1xf1 Ne7g6
19.Rf1f6 Bc8g4
20.Qd2f2 Nb8d7
21.Rf6f7 Nd7b6
22.Nh5f6 Ng6f8
23.Nf6xg4 Qe5e8
24.Qf2f6 { resign }
1-0

[Event "Tourn. n10147"]
[Site "www.echecsemail.com"]
[Date "2019.08.15"]
[Round "1"]
[White "Fegatux"]
[Black "Nevaeh"]
[WhiteElo "2300"]
[BlackElo "2840"]
[Result "0-1"]
[Round "1"]
1.d4 Ng8f6
2.c4 e6
3.Ng1f3 d5
4.g3 Bf8b4
5.Bc1d2 Bb4e7
6.Bf1g2 O-O
7.O-O c6
8.Qd1c2 b6
9.Rf1d1 Nb8d7
10.Nb1c3 dxc4
11.e4 h6
12.Bd2e1 Bc8b7
13.a4 a6
14.e5 Nf6d5
15.Nc3e4 b5
16.b3 cxb3
17.Qc2xb3 b4
18.a5 Ra8b8
19.Nf3d2 c5
20.dxc5 Nd7xe5
21.Nd2c4 Ne5xc4
22.Qb3xc4 Qd8c7
23.Rd1c1 Bb7c6
24.Ne4d6 Be7f6
25.Ra1b1 Qc7xa5
26.Nd6e4 Bf6e5
27.Ne4d6 Qa5a4
28.Be1d2 a5
29.Qc4e4 Be5f6
30.Qe4g4 Nd5e7
31.Bd2xh6 Bc6xg2
32.Kxg2 Qa4c6
33.Kg1 a4
34.Nd6e4 Bf6e5
 { time }
0-1

[Event "Tourn. n10162"]
[Site "www.echecsemail.com"]
[Date "2019.08.15"]
[Round "1"]
[White "Jerome"]
[Black "Ssharp"]
[WhiteElo "2319"]
[BlackElo "2320"]
[Result "1-0"]
[Round "1"]
1.e4 e6
2.d4 d5
3.Nb1c3 Bf8b4
4.e5 c5
5.a3 Bb4xc3
6.bxc3 Qd8c7
7.Qd1g4 f5
8.Qg4g3 Ng8e7
9.Qg3xg7 Rh8g8
10.Qg7xh7 cxd4
11.Ng1e2 dxc3
12.h4 Qc7xe5
13.Bc1g5 Nb8c6
14.f4 Qe5e3
15.Rh1h3 Qe3d2
16.Kf2 d4
17.Ra1c1 Bc8d7
18.Rh3d3 { resign }
1-0

[Event "Match"]
[Site "www.echecsemail.com"]
[Date "2019.08.15"]
[Round "1"]
[White "Tonino1"]
[Black "Sorim"]
[WhiteElo "2130"]
[BlackElo "2270"]
[Result "1-0"]
[Round "1"]
1.f4 d5
2.d4 e6
3.e3 c5
4.c3 Nb8c6
5.Bf1d3 Ng8f6
6.Ng1f3 Bf8e7
7.Nb1d2 a6
8.Nf3e5 cxd4
9.exd4 b5
10.Ne5xc6 { resign }
1-0

[Event "Match"]
[Site "www.echecsemail.com"]
[Date "2019.08.16"]
[Round "1"]
[White "Riemis"]
[Black "Paco"]
[WhiteElo "1719"]
[BlackElo "1940"]
[Result "1-0"]
[Round "1"]
1.e4 e5
2.Ng1f3 Nb8c6
3.Bf1b5 Qd8f6
4.Nb1c3 a6
5.Nc3d5 Qf6d6
6.Bb5a4 b5
7.Ba4b3 Bc8b7
8.O-O h5
9.c3 Ng8f6
10.d4 Nf6xd5
{ time. }
1-0

[Event "Tourn. n10179"]
[Site "www.echecsemail.com"]
[Date "2019.08.16"]
[Round "1"]
[White "Reignblowcan"]
[Black "Conde7"]
[WhiteElo "2660"]
[BlackElo "2870"]
[Result "0-1"]
[Round "1"]
1.c4 Ng8f6
2.g3 e6
3.Bf1g2 d5
4.Ng1f3 dxc4
5.O-O Nb8d7
6.Qd1c2 Nd7b6
7.a4 a5
8.Nb1a3 Bf8xa3
9.Ra1xa3 O-O
10.e4 Bc8d7
11.Nf3e5 c5
12.Ne5xc4 Nb6xc4
13.Qc2xc4 Bd7c6
14.d3 b6
15.f4 Ra8a7
16.Bc1e3 Nf6g4
17.Be3d2 Bc6b7
18.Rf1d1 Bb7a6
19.Qc4c3 Ra7d7
20.Bd2c1 Ba6b7
21.Rd1e1 Kh8
22.Bg2h3 h5
23.Bh3xg4 hxg4
24.Bc1d2 f5
25.Qc3c4 Bb7xe4
26.dxe4 Rd7xd2
27.Ra3e3 Qd8d4
28.b3 Qd4xc4
29.bxc4 Rd2c2
30.Re3d3 Rc2xc4
31.Rd3d6 Rc4xa4
32.exf5 exf5
33.Rd6xb6 Ra4a2
{ resign }
0-1

[Event "Match"]
[Site "www.echecsemail.com"]
[Date "2019.08.16"]
[Round "1"]
[White "Tonino1"]
[Black "Aiko1603"]
[WhiteElo "2130"]
[BlackElo "2090"]
[Result "1-0"]
[Round "1"]
1.f4 c5
2.e3 Nb8c6
3.d4 cxd4
4.exd4 d5
5.Ng1f3 Bc8g4
6.c3 g6
7.Bf1d3 Ng8f6
8.O-O Bf8g7
9.h3 Bg4xf3
10.Qd1xf3 e6
11.Nb1d2 O-O
12.Qf3e2 a6
13.Nd2f3 Nf6h5
14.Qe2f2 Qd8d6
15.Nf3e5 Nc6xe5
16.fxe5 Bg7xe5
17.dxe5 Qd6xe5
18.Bc1h6 Nh5g7
19.Ra1e1 Qe5h5
20.Qf2e3 Rf8e8
21.Bh6xg7 Kxg7
22.Qe3e5 Qh5xe5
23.Re1xe5 f5
24.g4 Kf6
25.Rf1e1 Re8e7
26.gxf5 gxf5
27.Bd3xf5 Re7g7
28.Bf5g4 Ra8e8
29.Kh2 Rg7e7
30.Bg4h5 { resign }
1-0

[Event "1/64 Finale"]
[Site "www.chess-mail.com"]
[Date "2019.08.16"]
[Round "1"]
[White "Ern007"]
[Black "Ffdd65"]
[WhiteElo "1609"]
[BlackElo "2200"]
[Result "0-1"]
[Round "1"]
1.d4 d5
2.c4 c6
3.Nb1c3 Ng8f6
4.cxd5 cxd5
5.Ng1f3 Nb8c6
6.Bc1f4 a6
7.Ra1c1 e6
8.e3 h6
9.Bf1d3 Bf8d6
10.Nf3e5 Bd6xe5
11.Bf4xe5 Nc6xe5
12.dxe5 Nf6d7
13.f4 Nd7c5
14.Bd3b1 Qd8b6
15.O-O Bc8d7
16.f5 Qb6xb2
 { time }
0-1

[Event "Tourn. n10179"]
[Site "www.echecsemail.com"]
[Date "2019.08.17"]
[Round "1"]
[White "Reignblowcan"]
[Black "Lakeknight"]
[WhiteElo "2660"]
[BlackElo "2339"]
[Result "1-0"]
[Round "1"]
1.c4 e6
2.e4 c6
3.e5 d5
4.Ng1f3 Ng8e7
5.d4 dxc4
6.Bf1xc4 Ne7g6
7.h4 Bf8b4
8.Bc1d2 Bb4xd2
9.Nb1xd2 h6
10.h5 Ng6f4
11.Nd2e4 O-O
12.Qd1d2 Nf4d5
13.Ne4d6 Nb8d7
14.Rh1h3 f5
15.Bc4xd5 cxd5
16.Nf3h4 Nd7b6
17.b3 Bc8d7
18.Nh4g6 Bd7c6
19.Ng6xf8 Qd8xf8
20.Rh3g3 Kh7
21.Rg3g6 { resign }
1-0

[Event "Tourn. n10148"]
[Site "www.echecsemail.com"]
[Date "2019.08.17"]
[Round "1"]
[White "Fegatux"]
[Black "Jerome"]
[WhiteElo "2300"]
[BlackElo "2199"]
[Result "0-1"]
[Round "1"]
1.d4 Ng8f6
2.c4 g6
3.Nb1c3 d5
4.Bc1f4 Bf8g7
5.e3 O-O
6.Ra1c1 Bc8e6
7.b3 c6
8.Ng1f3 Nb8d7
9.Bf1d3 dxc4
10.bxc4 Be6g4
11.h3 Bg4xf3
12.Qd1xf3 e5
13.Bf4h2 exd4
14.exd4 Qd8b6
15.c5 Rf8e8
16.Bd3e2 Qb6b4
17.O-O Qb4xd4
18.Rf1d1 Qd4h4
19.Bh2g3 Qh4g5
20.Bg3d6 Nd7e5
21.Qf3g3 Qg5xg3
22.fxg3 b5
23.Nc3xb5 cxb5
24.Be2xb5 Re8e6
 { time }
0-1

[Event "Tourn. n10178"]
[Site "www.echecsemail.com"]
[Date "2019.08.17"]
[Round "1"]
[White "Kevinking"]
[Black "Dussek"]
[WhiteElo "1980"]
[BlackElo "1940"]
[Result "1-0"]
[Round "1"]
1.e4 c6
2.d4 d5
3.e5 Bc8f5
4.Ng1f3 e6
5.Bf1d3 Bf5xd3
6.cxd3 Qd8b6
7.O-O c5
8.dxc5 Bf8xc5
9.d4 Bc5e7
10.Nb1c3 Nb8d7
11.Bc1d2 O-O-O
12.Ra1c1 Kb8
13.Nc3a4 Qb6a6
14.Qd1c2 Ng8h6
15.Qc2b3 Nd7b6
16.Na4c5 Be7xc5
17.Rc1xc5 Nb6c4
18.Rc5b5 Nc4xd2
19.Nf3xd2 Rd8d7
20.Qb3b4 Qa6c6
21.Rb5c5 Qc6b6
22.Qb4a4 Rh8c8
23.Qa4xd7 { resign }
1-0

[Event "Tourn. n10029"]
[Site "www.echecsemail.com"]
[Date "2019.08.17"]
[Round "1"]
[White "Lenyb"]
[Black "Stepanpech"]
[WhiteElo "2370"]
[BlackElo "2580"]
[Result "1/2-1/2"]
[Round "1"]
1.e4 e5
2.Ng1f3 Nb8c6
3.Bf1b5 a6
4.Bb5a4 Ng8f6
5.O-O Bf8e7
6.Ba4xc6 dxc6
7.Rf1e1 Nf6d7
8.d3 O-O
9.Nb1d2 f6
10.Nd2f1 a5
11.Nf1g3 Nd7c5
12.Ng3f5 Bc8xf5
13.exf5 Qd8d7
14.g4 b5
15.d4 exd4
16.Qd1xd4 Rf8d8
17.Qd4xd7 Rd8xd7
18.Bc1e3 Nc5a4
19.b3 Na4b6
20.Ra1d1 Ra8d8
21.Rd1xd7 Rd8xd7
22.Be3xb6 cxb6
23.Re1e6 h5
24.h3 hxg4
25.hxg4 Rd7d1
26.Kg2 Be7d6
27.Re6e8 Kf7
28.Re8c8 Bd6c5
29.Rc8xc6 Rd1c1
30.g5 fxg5
31.Nf3xg5 Ke7
32.Rc6e6 Kd7
33.Re6e2 Bc5e7
34.f4 Be7f6
35.Kf3 b4
36.Re2g2 Rc1a1
37.Ng5e6 a4
38.Ne6xg7 a3
39.Ng7h5 Ke7
40.Rg2e2 Kf7
41.Nh5xf6 Kxf6
42.Re2e6 Kxf5
43.Re6e5 Kf6
44.Re5b5 { draw }
1/2-1/2

[Event "Tourn. n10184"]
[Site "www.echecsemail.com"]
[Date "2019.08.17"]
[Round "1"]
[White "Apdash"]
[Black "Fantomas"]
[WhiteElo "2170"]
[BlackElo "2150"]
[Result "0-1"]
[Round "1"]
1.d4 Ng8f6
2.c4 g6
3.Nb1c3 Bf8g7
4.e4 d6
5.Qd1c2 O-O
6.Bc1g5 h6
7.Bg5h4 g5
8.Bh4g3 Nf6h5
9.Ng1e2 f5
10.h4 g4
11.exf5 Bc8xf5
12.Qc2b3 b6
13.c5 Kh8
14.cxd6 exd6
15.O-O-O Nb8c6
16.Ne2f4 Nh5xg3
17.fxg3 Nc6xd4
18.Qb3c4 c5
19.Bf1d3 Qd8d7
20.Nf4g6 Bf5xg6
21.Bd3xg6 Rf8f6
22.Bg6b1 Ra8f8
23.Qc4d3 Rf6f5
24.Rh1f1 Bg7e5
25.Rf1xf5 Rf8xf5
26.Qd3e3 Rf5f6
27.Nc3e4 Rf6e6
28.Qe3f2 Qd7g7
29.Bb1d3 d5
30.Ne4c3 c4
31.Bd3b1 Re6d6
32.h5 b5
33.Rd1f1 Rd6f6
34.Qf2e1 Qg7g5
35.Kd1 Rf6xf1
36.Qe1xf1 Be5f6
37.Nc3xd5 Kg7
38.Nd5f4 Qg5e5
39.Nf4g6 Qe5d6
40.Kc1 Qd6xg3
41.a4 Qg3e3
42.Kd1 Nd4b3
43.Qf1f4 Qe3g1
44.Ke2 Qg1xg2
45.Kd1 Qg2g1
46.Kc2 Nb3d4
{ resign }
0-1

[Event "Match"]
[Site "www.echecsemail.com"]
[Date "2019.08.17"]
[Round "1"]
[White "Fegatux"]
[Black "Babedad"]
[WhiteElo "2300"]
[BlackElo "2240"]
[Result "0-1"]
[Round "1"]
1.d4 Ng8f6
2.c4 e6
3.Nb1c3 b6
4.Ng1f3 Bc8b7
5.e3 Bf8e7
6.Bf1d3 c5
7.O-O cxd4
8.exd4 d5
9.Bc1g5 h6
10.Bg5h4 Nb8c6
11.cxd5 Nf6xd5
12.Bh4xe7 Nd5xe7
13.Rf1e1 O-O
14.a3 Qd8d7
15.Bd3b5 a6
16.Bb5d3 Ra8d8
17.Qd1e2 b5
18.Ra1d1 Qd7c7
19.Bd3e4 Ne7d5
20.Nc3xd5 exd5
21.Be4b1 Qc7d7
22.b4 Rf8e8
23.Qe2d3 Re8xe1
24.Rd1xe1 g6
25.Qd3e3 Kg7
26.Nf3e5 Qd7d6
27.Ne5d3 Bb7c8
 { time }
0-1

[Event "Tourn. n10152"]
[Site "www.echecsemail.com"]
[Date "2019.08.17"]
[Round "1"]
[White "Cal"]
[Black "Libiesse"]
[WhiteElo "1670"]
[BlackElo "1860"]
[Result "0-1"]
[Round "1"]
1.c4 c5
2.e4 e6
3.Nb1c3 Nb8c6
4.h3 a6
5.Ng1f3 Qd8c7
6.Bf1e2 Ng8f6
7.O-O d6
8.a3 Bc8d7
9.d3 g6
10.Bc1g5 Bf8g7
11.Bg5xf6 Bg7xf6
12.Nf3h2 O-O
13.f4 Nc6d4
14.Nh2g4 Nd4xe2
15.Qd1xe2 Bf6g7
16.Nc3d1 Bd7c6
17.e5 d5
18.Rf1f3 dxc4
19.Rf3g3 cxd3
20.Qe2xd3 Ra8d8
21.Qd3e2 Bc6b5
22.Qe2c2 Rd8d4
23.Nd1e3 Rd4xf4
24.b4 Bg7xe5
25.Ng4h6 Kg7
26.Nh6g4 Be5xa1
27.Qc2d1 Rf4d4
28.Qd1xa1 Qc7xg3
29.a4 Bb5e2
30.bxc5 Qg3e1
31.Kh2 Qe1xa1
32.Ng4e5 Rd4e4
33.Ne5d7 Rf8d8
{ resign }
0-1

[Event "Tourn. n10170"]
[Site "www.echecsemail.com"]
[Date "2019.08.17"]
[Round "1"]
[White "Fantomas"]
[Black "Tartan"]
[WhiteElo "2200"]
[BlackElo "2500"]
[Result "0-1"]
[Round "1"]
1.c4 e6
2.d4 Ng8f6
3.Nb1c3 Bf8b4
4.Qd1b3 c5
5.dxc5 Nb8c6
6.Bc1d2 Bb4xc5
7.e3 O-O
8.Ng1f3 d5
9.Bf1e2 b6
10.cxd5 exd5
11.Ra1d1 Bc8e6
12.Qb3a4 Qd8c7
13.Nc3b5 Qc7d7
14.O-O a6
15.Nb5c3 b5
16.Qa4c2 Bc5d6
17.Nf3g5 Be6f5
18.Be2d3 Bd6xh2
19.Kh1 Bf5xd3
20.Qc2xd3 Bh2c7
21.Ng5f3 Rf8e8
22.Bd2c1 Nc6e5
23.Nf3xe5 Re8xe5
24.f4 Re5h5
25.Kg1 Qd7g4
26.Rf1f3 b4
27.Nc3e2 Nf6e4
28.Bc1d2 Qg4h4
29.Kf1 g5
30.Qd3xd5 Qh4f2
{ resign }
0-1

[Event "Tourn. n10182"]
[Site "www.echecsemail.com"]
[Date "2019.08.17"]
[Round "1"]
[White "Andychesston"]
[Black "Ditto"]
[WhiteElo "1990"]
[BlackElo "1870"]
[Result "0-1"]
[Round "1"]
1.e4 e5
2.Ng1f3 Nb8c6
3.d4 exd4
4.Nf3xd4 Nc6xd4
5.Qd1xd4 Ng8f6
6.e5 Nf6g8
7.Bc1f4 c5
 { time }
0-1

[Event "Tourn. n10189"]
[Site "www.echecsemail.com"]
[Date "2019.08.17"]
[Round "1"]
[White "Churrasca"]
[Black "Libiesse"]
[WhiteElo "2030"]
[BlackElo "1930"]
[Result "1-0"]
[Round "1"]
1.e4 c5
2.Ng1f3 e6
3.d4 cxd4
4.Nf3xd4 a6
5.Nb1c3 d6
6.g3 Nb8c6
7.Bc1e3 Qd8c7
8.Bf1g2 Bc8d7
9.O-O Ng8f6
10.Nd4xc6 Bd7xc6
11.a4 Ra8d8
12.a5 Bf8e7
13.Be3b6 { resign }
1-0

[Event "Tourn. n10172"]
[Site "www.echecsemail.com"]
[Date "2019.08.17"]
[Round "1"]
[White "Fantomas"]
[Black "Liencam2"]
[WhiteElo "2190"]
[BlackElo "2230"]
[Result "1-0"]
[Round "1"]
1.e4 c5
2.Ng1f3 e6
3.d4 cxd4
4.Nf3xd4 a6
5.Nb1c3 b5
6.a3 Bc8b7
7.Bf1d3 Bf8c5
8.Nd4f3 Qd8c7
9.O-O Nb8c6
10.Nc3e2 Ng8e7
11.c3 Ra8d8
12.b4 Bc5a7
13.Bc1b2 d5
14.exd5 Ne7xd5
15.Qd1c2 h6
16.Ra1d1 Ba7b8
17.Ne2g3 Nd5f4
18.Bd3e4 O-O
19.c4 f5
20.Be4d3 Nf4xd3
21.Rd1xd3 e5
22.Rd3xd8 Qc7xd8
23.Ng3xf5 bxc4
24.Nf5g3 Qd8d5
25.Rf1d1 Nc6d4
26.Bb2xd4 Rf8xf3
27.Bd4e3 Qd5c6
28.gxf3 Qc6xf3
29.Rd1d8 Kf7
30.Qc2f5 Qf3xf5
31.Ng3xf5 Kf6
32.Rd8xb8 { resign }
1-0

[Event "Tourn. n10185"]
[Site "www.echecsemail.com"]
[Date "2019.08.17"]
[Round "1"]
[White "D4minance"]
[Black "Asoka"]
[WhiteElo "2840"]
[BlackElo "2760"]
[Result "1/2-1/2"]
[Round "1"]
1.d4 Ng8f6
2.c4 e6
3.g3 d5
4.Ng1f3 Bf8e7
5.Bf1g2 O-O
6.O-O dxc4
7.Qd1a4 a6
8.Qa4xc4 b5
9.Qc4c2 Bc8b7
10.Bc1d2 c6
11.a3 a5
12.Nb1c3 Nb8d7
13.Nf3e5 Nd7xe5
14.dxe5 Nf6d5
15.Nc3e4 Qd8c7
16.Ne4c5 Rf8d8
17.Ra1c1 Bb7c8
18.Nc5b3 Bc8b7
19.Rf1d1 h6
20.Nb3c5 Bb7c8
21.Qc2e4 b4
22.Bd2e3 Nd5xe3
23.Rd1xd8 Qc7xd8
24.Qe4xe3 bxa3
25.bxa3 Qd8c7
26.a4 Ra8b8
27.h4 Rb8b4
28.Bg2f3 Be7f8
29.Kg2 Qc7b6
30.Qe3c3 Bf8e7
31.e3 { draw }
1/2-1/2